Statistics for City Trivia - Las Vegas

Click here to take the quiz!

General Stats

  • This quiz has been taken 148 times
  • The average score is 6 of 15

Answer Stats

QuestionAnswer% Correct
What is the name of the roadway where most of the iconic Las Vegas hotels are found?The Strip
98%
In which desert is Las Vegas located?The Mojave
90%
What does the words 'Las Vegas' mean when translated from English?The Meadows
47%
What was the primary cause for Las Vegas escaping the brunt of the Great Depression?Construction work associated with building Hoover Dam
46%
Which of these is not a former Las Vegas Hotel?The Altimonte
45%
Where is the original and iconic 'Welcome to Las Vegas' sign located?4 miles south of the city
44%
Which of the following professional baseball players was not born in Las Vegas?Jason Giambi
34%
Which of the following universities is not a university located in Las Vegas?University of Las Vegas
33%
The roadway referenced in question one has hotels located in 3 communities. Which of the following is not one of those 3?North Las Vegas, Nevada
31%
Which of the following most accurately describes the population of the city Las Vegas?600,000 - 700,000
26%
From 1990 to 2000, by what percentage did the population of Las Vegas increase by?85.2%
24%
What is the name of the first racially integrated hotel & casino in Las Vegas?The Molan Rouge
21%
The remains of what can be found at the intersection of Las Vegas Boulevard and Washington Avenue in Las Vegas?A fort built by the LDS Church
16%
Approximately how many hotel rooms are in the city of Las Vegas?152,000
15%
Which of the following is not a nickname of Las Vegas?The Neon City
15%

Score Distribution

Percentile by Number Answered

Percent of People with Each Score

Your Score History

You have not taken this quiz